| 000 | 00792nam a2200193 i 4500 | ||
|---|---|---|---|
| 001 | 69221 | ||
| 003 | ES-MaACL | ||
| 005 | 20250801090041.0 | ||
| 007 | t| | ||
| 008 | 040921m19661969xxu ||||1| eng d | ||
| 245 | 0 | 4 |
_aThe literature of Spanish America _b: a critical anthology / _cedited and annotated by Angel Flores. |
| 260 |
_aNew York : _bLas Américas, _c1966-1969. |
||
| 300 |
_a4 t. en 3 v. ; _c22 cm. |
||
| 505 | 8 | _aContiene: I. The colonial period. 569 p. -- II. (1825-1885). 576 p. -- III. Part 1: 1885-1910. Modernismo and other trends. 637 p. -- Part 2: 1910-1930. The quest for an authentic utterance. 556 p. | |
| 650 | 0 | 7 |
_aLiteratura hispanoamericana _2embne _914602 |
| 700 | 1 |
_aFlores, Angel. _951251 |
|
| 852 |
_aES-MaACL _jL-7631-4 _bR.107586 |
||
| 999 |
_c69221 _d69221 |
||